000 00698cam a2200241 a 4500
001 000008670
005 20200929161400.0
008 980806s1994 cu 000 f spa d
020 _a9592090459
040 _aDO-SdBNP
_cDZM
_dPL#
_dGZM
_dDLC
082 _aCu863.44
_bC957c
100 1 _aCruz, Mary,
_d1923-
_923109
245 1 0 _aColombo de Terrarrubra /
_cMary Cruz.
260 _aLa Habana :
_bUnión de Escritores y Artistas de Cuba,
_cc1994.
300 _a573 p. ;
_c19 cm.
490 1 _aContemporáneos
650 4 _aNovela cubana
_92316
650 4 _aLiteratura cubana
_91483
830 0 _aContemporáneos
_96941
910 _aCatalogación por copia / LC
910 _aWM
049 _aBNGR
999 _c8440
_d8440